000 02172cam a22005174i 4500
003 PE-LiUPU
005 20250731172758.0
008 150617s r 000 0 d
020 _a8471511819
035 _a(Sirsi) i9788471511812
040 _aPE-LiUPU
_bspa
_cPE-LiUPU
_erda
049 _aPRUA
082 0 4 _a215.72
_bW11
_221
100 1 _ade Waal, Annemarie,
_eautor.
245 1 0 _aIntroducción a la antropología religiosa /
_cAnnermarie de Waal.
264 1 _aNavarra, España :
_bVerbo Divino,
_c1975.
300 _a470 páginas ;
_c22 centímetros
336 _atext
_2rdacontent
337 _aunmediated
_2rdamedia
338 _avolume
_2rdacarrier
490 0 _aTeoría ;
_v5
504 _aIncluye bibliografía.
505 0 _aLa antropología y el estudio de la religión -- Historia del estudio de la religión -- La ciencia de la religión -- Teorías de la religión en el siglo XX -- Religión prehistórica -- Creencias religiosas -- Mito y ritual -- Comunicación religiosa -- Especialistas religiosos -- Curación religiosa -- Brujería y hechicería -- Funciones de la religión -- Cambio religioso.
526 _aSEG42
526 _aSEG41
526 _aSEG40
526 _aSEG39
526 _aP94
526 _aP87
526 _aP86
526 _aP85
526 _aP77
526 _aP76
526 _aP35
650 0 4 _aReligión
_xFilosofía.
910 _ajck
_bjvq
_cjck
_d20150616
942 _2ddc
_cBOOK
949 _a215.72 W11
_wDEWEY
_c1
_i19456
_lCCODEBUL1
_mBUL
_r0
_sY
_tBOOK
_u2015-6-17
_xTEOLOGIA
_PP35
_0COMPRA
_o.STAFF. Colección General
949 _a215.72 W11
_wDEWEY
_c2
_i19145
_lCCODEBUL1
_mBUL
_r0
_sY
_tBOOK
_u2015-6-17
_xTEOLOGIA
_PP35
_0COMPRA
_o.STAFF. Colección General
994 _aC0
_bPEPRU
596 _a1
999 _a215.72 W11
_wDEWEY
_c3330
_i19456
_f2021-11-11
_g5
_lCCODEBUL1
_mBUL
_r0
_sY
_tBOOK
_u2015-6-17
_xTEOLOGIA
_PP35
_0COMPRA
_o.STAFF. Colección General
_d3330
999 _a215.72 W11
_wDEWEY
_c2
_i19145
_d2019-7-9
_f2021-11-11
_g5
_lCCODEBUL1
_mBUL
_q1
_r0
_sY
_tBOOK
_u2015-6-17
_xTEOLOGIA
_PP35
_0COMPRA
_o.STAFF. Colección General
980 _81
_gALBERTO SANCHEZ Responsable de Automatización